000 02075nam a2200361Ia 4500
999 _c54159
_d54159
001 21215
003 GE_BSU
005 20210809150613.0
008 181216s2009||||ge |||||||||||||| ||geo||
020 _aISBN 978-9941-13-076-2
040 _cGE_BSU
041 _ageo
080 _a330.534+31 მ-34
100 _aმარშავა, ქეთევან
_95065
245 _aეროვნულ ანგარიშთა სისტემა : თეორია, პრაქტიკა, ანალიზი :
_b[სახელმძღვ.] /
_cქეთევან მარშავა, მაია მინდორაშვილი ; რედ. როზეტა ასათიანი, დალი გერმანიშვილი.
264 _aთბილისი :
_bთბილ. უნ-ტის გამ-ბა,
_c2009.
300 _a356 გვ. :
_bცხრ. ;
_c25 სმ
500 _aდანართები : გვ. 343-353
504 _aბიბლიოგრ. : 354-356
541 _h29ლ.80თ.
546 _aინგლისურ - ქართული ტერმინები : გვ. 336-342
653 _aეკონომიკა
653 _aსტატისტიკა
653 _aეროვნულ ანგარიშთა სისტემა
653 _aეროვნული ანგარიშები
653 _aეროვნული სიმდიდრე
653 _a ეროვნული ანგარიშების სტატისტიკა
700 _aმინდორაშვილი, მაია
_eავტორი
_912381
700 _aასათიანი, როზეტა
_eრედაქტორი
_912382
700 _aგერმანიშვილი, დალი
_eრედაქტორი
_95061
710 _aივანე ჯავახიშვილის თბილისის სახელმწიფო უნივერსიტეტი
_912383
942 _cBK
_2udc